Curso práctico de impuesto a la renta: sus fundamentos teóricos, conceptuales y doctrinarios. Explicación metódica y pedagógica de cada una de sus materias. Ejercicios, laboratorios, cuestionarios y casos prácticos

Gardado en:
Detalles Bibliográficos
Main Authors: Contreras Urzúa, Hugo (Author), González Silva, Leonel (Author)
Formato: Libro
Idioma:Lingua castelá
Publicado: Santiago CEPET 2006
Edición:4a. ed
Subjects:
Tags: Engadir etiqueta
Sen Etiquetas, Sexa o primeiro en etiquetar este rexistro!

MARC

LEADER 00000nam a2200000 a 4500
001 UCK9359
003 CL-VaPUC
008 060512e20060000CL |||||||||||||||||spa|d
020 |a 9567583331 
082 0 4 |a 336.24  |b CON  |2 21 
100 0 |a Contreras Urzúa, Hugo  |e author  |9 499108 
700 0 |a González Silva, Leonel  |e author  |9 499109 
245 1 0 |a Curso práctico de impuesto a la renta: sus fundamentos teóricos, conceptuales y doctrinarios. Explicación metódica y pedagógica de cada una de sus materias. Ejercicios, laboratorios, cuestionarios y casos prácticos 
250 |a 4a. ed 
300 |a 1055 p 
942 |c BK 
945 |d 20060512 00:00:00  |a cmena 
260 |a Santiago  |b CEPET  |c 2006 
650 7 |a IVA  |2 CL-VaPUC  |9 373996 
650 0 |a Impuesto a la renta  |9 258171 
650 0 |a Derecho tributario  |9 258895 
650 0 |a Empresas   |9 255569 
650 0 |a Impuestos  |9 255450 
650 0 |a Trabajadores  |9 260887 
583 |a last modification  |c 20140528 12:36:53  |k Rodrigo Vera 
999 |c 316573  |d 316571 
952 |0 0  |1 0  |4 0  |6 336_240000000000000_CON_2006  |7 0  |8 P  |9 391040  |a BIBGIM  |b BIBGIM  |d 2019-11-22  |i 4226399  |o 336.24 CON 2006  |p 4226399  |r 2025-01-15  |w 2019-11-22  |y BK  |k COM 
952 |0 0  |1 0  |4 0  |6 336_240000000000000_CON_2006  |7 0  |8 P  |9 391061  |a BIBGIM  |b BIBGIM  |d 2019-11-22  |i 4336712  |o 336.24 CON 2006  |p 4336712  |r 2025-01-15  |w 2019-11-22  |y BK  |k COM